000 00629nam a2200193Ia 4500
003 GCL
008 140319s9999 xx 000 0 ara d
040 _aGCL /
_cGCL
082 0 4 _a811.0094
_bا ع
100 1 _aالعربى حسن درويش
245 1 0 _aالعباس بن الاحنف (شاعر العشق والغرام (دراسة نقدية ) /
_cالعربى حسن درويش
260 _a[S.N] :
_bمكتبة النهضة المصرية ،
_c1991
300 _a155 ص
490 _a
650 0 4 _aالشعر العربى
650 0 4 _aالشعر الغزلى
650 0 4 _aتاريخ ونقد
942 _2ddc
_cBK
999 _c28908
_d28908